|
|
|
|
| LEADER |
00000cam a2200000 a 4500 |
| 001 |
vtls010127393 |
| 003 |
SK-MaSNL |
| 005 |
20260301213035.0 |
| 008 |
240318s2010 xr a f 000 0 slo |
| 020 |
|
|
|a 9788090388192
|q (brož.)
|
| 035 |
|
|
|a 507E138F-54F8-4B6D-B50B-A54FDFE949A0
|
| 035 |
|
|
|a urn:nbn:sk:snk-amjg8a
|
| 035 |
|
|
|a urn:nbn:sk:snk-am001yfj
|
| 040 |
|
|
|a SNK
|b slo
|c SNK
|e AACR2
|
| 041 |
0 |
|
|a slo
|
| 044 |
|
|
|a xr
|c CZ
|
| 072 |
|
7 |
|a 821.162.4-3
|x Slovenská próza
|2 konspekt
|
| 080 |
|
|
|a 821.162.4-32
|2 2001
|
| 080 |
|
|
|a 316.7+008
|2 2001
|
| 080 |
|
|
|a 17.021.4
|2 2001
|
| 080 |
|
|
|a 17
|2 2001
|
| 080 |
|
|
|a 179.3
|2 2001
|
| 080 |
|
|
|a (0:82-321.9)
|2 2001
|
| 100 |
1 |
|
|a Kováč, Daniel,
|d 1985-
|4 aut
|9 599406
|
| 245 |
1 |
0 |
|a Planéta zla
|c Daniel Kováč a spolupracovníci ; [autor fotografií Michal Kolesár]
|
| 250 |
|
|
|a [1. vyd.]
|
| 260 |
|
|
|a Brno
|b Jan Kux Onufrius
|b D. Kováč
|c 2010
|
| 300 |
|
|
|a 212 s.
|b ilustr.
|c 21 cm
|
| 650 |
0 |
7 |
|a civilizácia
|x etické a morálne aspekty
|2 SNKPH
|9 599407
|
| 650 |
0 |
7 |
|a ľudstvo
|x etické a morálne aspekty
|2 SNKPH
|9 599408
|
| 650 |
0 |
7 |
|a človek a zviera
|x etické a morálne aspekty
|2 SNKPH
|9 594525
|
| 650 |
0 |
7 |
|a človek a životné prostredie
|2 SNKPH
|9 67108
|
| 650 |
0 |
7 |
|a Civilization
|x ethical and moral aspects
|2 SNKPHeng
|9 599409
|
| 650 |
0 |
7 |
|a Human beings
|x ethical and moral aspects
|2 SNKPHeng
|9 599410
|
| 650 |
0 |
7 |
|a Human-animal relationships
|x ethical and moral aspect
|2 SNKPHeng
|9 599411
|
| 655 |
|
7 |
|a slovenské príbehy
|2 SNKPH
|9 70494
|
| 655 |
|
7 |
|a vedecko-fantastické príbehy
|2 SNKPH
|9 81655
|
| 655 |
|
7 |
|a Slovak stories
|2 SNKPHeng
|9 277112
|
| 655 |
|
7 |
|a science fiction stories
|2 SNKPHeng
|9 313624
|
| 700 |
1 |
|
|a Kolesár, Michal
|4 pht
|9 526973
|
| 919 |
|
|
|a 978-80-903881-9-2
|
| 958 |
|
|
|a OND
|
| 999 |
|
|
|c 920149
|d 922079
|
| 952 |
|
|
|a SNK
|b SNK
|y PREZ
|7 0
|p 17A0631522
|o snkSC 145016
|i snk2011/8660
|8 1
|0 0
|1 0
|4 0
|d 2011-04-14
|l 0
|r 2025-07-14 00:00:00
|w 2026-02-24
|
| 952 |
|
|
|a SNK
|b SNK
|y VYP
|7 0
|p 17A1049474
|o snkSC 145016 D1
|i snk2012/18010
|8 4
|g 16.44
|0 0
|1 0
|4 0
|d 2012-06-27
|f 1
|l 0
|r 2026-02-24 08:12:59
|w 2026-02-24
|